| 000 | 00718cab a2200217 4500 | ||
|---|---|---|---|
| 001 | ABS42163 | ||
| 008 | 090401t1990 xxu||||| |||| 00| 0 eng d | ||
| 035 | _a(Sirsi) u35047 | ||
| 041 | _aeng | ||
| 100 | _aCummings, S. | ||
| 245 | _aParish maps problems for coastal authorities | ||
| 260 | _c1990 | ||
| 350 | _a0 | ||
| 490 |
_aPlanning (for the Natural and Built Environment) _v(857) 23 February 1990, 7(1) |
||
| 520 | _aConsiders the financial and political consequences for coastal authorities of the possible rise in sea level due to global warming . | ||
| 650 | _aCOASTAL MANAGEMENT | ||
| 650 | _aGREENHOUSE EFFECT | ||
| 690 | _aENVIRONMENTAL AND LAND CONSULTANCY | ||
| 942 | _n0 | ||
| 948 | _c04/03/1997 | ||
| 999 |
_c23028 _d23028 |
||